• 首页
  • 本馆介绍
  • 公告通知
  • 最新文献
  • 馆藏检索
  • 电子资源
  • 读者导购
  • 参考咨询
  • 我的图书馆
  • 登录
  • 详细信息显示
  • 放入我的书架
  • 预约/预借图书
  • 作者相关作品
  • 分类相关作品
  • 丛书相关作品
  • 出版社相关作品

书目信息

  • 表格格式
  • 工作单格式
  • 卡片格式
题名:
药学专业知识
    
 
作者: 陈纭 编著 ;国家执业药师资格考试辅导用书编写组 组织编写
分册: 一  
出版信息: 北京   人民卫生出版社  2016
页数: 179页
开本: 26cm
丛书名: 2016国家执业药师资格考试辅导讲义同步练习题集
单 册:
中图分类: R9-44 , R9
科图分类:
主题词: 药物学--Yao Wu Xue--药剂师--资格考试--习题集
电子资源:
ISBN: 978-7-117-22041-5
000 01321nam 2200289 450
001 1676890573
005 20160205094015.7
010    @a978-7-117-22041-5@dCNY42.00
100    @a20160205d2016 em y0chiy0120 ea
101 0  @achi
102    @aCN@b110000
105    @ay q 000yy
106    @ar
200 1  @a药学专业知识@AYao Xue Zhuan Ye Zhi Shi@h一@f国家执业药师资格考试辅导用书编写组组织编写@g陈纭编著
210    @a北京@c人民卫生出版社@d2016
215    @a179页@d26cm
225 2  @a2016国家执业药师资格考试辅导讲义同步练习题集@A2016 Guo Jia Zhi Ye Yao Shi Zi Ge Kao Shi Fu Dao Jiang Yi Tong Bu Lian Xi Ti Ji@e解析版
330    @a本书通过深入研究历年考试的命题规律,特别是2015年新大纲后的考试风格变化,甄选编制了本套同步练习题集。包括了考试中的四大题型,全面覆盖必考考点。每道习题都配有相应的解析,使考生在复核答案时,知其然,而亦知其所以然,同时实现对于重要知识内容的再次复习。
333    @a适合参加执业资格考试的考生
410  0 @12001 @a2016国家执业药师资格考试辅导讲义同步练习题集
606 0  @a药物学@AYao Wu Xue@x药剂师@x资格考试@j习题集
690    @aR9-44@v5
690    @aR9@v4
701  0 @a陈纭@AChen Yun@4编著
712 02 @a国家执业药师资格考试辅导用书编写组@AGuo Jia Zhi Ye Yao Shi Zi Ge Kao Shi Fu Dao Yong Shu Bian Xie Zu@4组织编写
801  0 @aCN@b江苏新华@c20150511
905    @aBZT@dR9@e26-1
    
    药学专业知识.一/国家执业药师资格考试辅导用书编写组组织编写/陈纭编著.-北京:人民卫生出版社,2016
    179页;26cm.-(2016国家执业药师资格考试辅导讲义同步练习题集:解析版)
    使用对象:适合参加执业资格考试的考生
    
    ISBN 978-7-117-22041-5:CNY42.00
    本书通过深入研究历年考试的命题规律,特别是2015年新大纲后的考试风格变化,甄选编制了本套同步练习题集。包括了考试中的四大题型,全面覆盖必考考点。每道习题都配有相应的解析,使考生在复核答案时,知其然,而亦知其所以然,同时实现对于重要知识内容的再次复习。
●
相关链接 在五车中查询图书 在当当中查询图书 在豆瓣中查询图书


正题名:药学专业知识     索取号:R9/26-1         预约/预借

序号 登录号 条形码 馆藏地/架位号 状态 备注
1 800915   2000800915   第二书库/ [索取号:R9/26-1] 在馆    
2 800916   2000800916   第二书库/ [索取号:R9/26-1] 在馆    
3 800917   2000800917   第二书库/ [索取号:R9/26-1] 在馆    
山东省滨州职业学院图书馆 欢迎您!
大连网信软件有限公司© 版权所有